000 00244nam a22000857a 4500
999 _c11746
_d11746
008 200113b ||||| |||| 00| 0 eng d
100 _a0590447394
_97433
245 _aAnimals Should Definitely not wear clothing
260 _aNew York
_bScholastic
_c1991